| 000 -CABECERA |
| Longitud fija campo de control |
00837nam a2200241 u 4500 |
| 001 - NÚMERO DE CONTROL |
| Número de control |
991061179176606706 |
| 003 - IDENTIFICADOR DEL NÚMERO DE CONTROL |
| Identificador del número de control |
OSt |
| 005 - FECHA Y HORA DE LA ÚLTIMA TRANSACCIÓN |
| Fecha y hora de la última transacción |
20241010180858.0 |
| 008 - CÓDIGOS DE INFORMACIÓN DE LONGITUD FIJA |
| Códigos de información de longitud fija |
241002s2024 spc r 000 0 spa d |
| 017 ## - NÚMERO DE COPYRIGHT O DE DEPÓSITO LEGAL |
| Número de copyright o de depósito legal |
DL B4371-2024 |
| Agencia que asigna el número |
Biblioteca de Catalunya |
| 020 ## - NÚMERO INTERNACIONAL NORMALIZADO PARA LIBROS |
| Número Internacional Normalizado para Libros (ISBN) |
9788418604416 |
| 040 ## - FUENTE DE LA CATALOGACIÓN |
| Centro catalogador de origen |
ES-BaUAB |
| Lengua de catalogación |
cat |
| Normas de descripción |
rda |
| Centro transcriptor |
CDMR |
| 100 1# - PUNTO DE ACCESO PRINCIPAL-NOMBRE DE PERSONA |
| Nombre de persona |
Giner, Juan Antonio |
| 9 (RLIN) |
1748 |
| 245 13 - MENCIÓN DE TÍTULO |
| Título |
La edad de oro del periodismo / |
| Mención de responsabilidad, etc. |
Juan Antonio Giner |
| 264 #1 - PRODUCCIÓN, PUBLICACIÓN , DISTRIBUCIÓN, FABRICACIÓN Y COPYRIGHT |
| Lugar de producción, publicación, distribución, fabricación |
Barcelona : |
| Nombre del productor, editor, distribuidor, fabricante |
Libros de Vanguardia, |
| Fecha de de producción, publicación, distribución, fabricación o copyright |
2024 |
| 300 ## - DESCRIPCIÓN FÍSICA |
| Extensión |
254 pàgines ; |
| Dimensiones |
23 cm |
| 505 ## - NOTA DE CONTENIDO CON FORMATO |
| Nota de contenido con formato |
Recull d'articles publicats per l'autor al diari La Vanguardia entre desembre de 2020 i maig de 2024, més alguns articles publicats en altres mitjans |
| 650 #7 - PUNTO DE ACCESO ADICIONAL DE MATERIA - TÉRMINO DE MATERIA |
| Término de materia o nombre geográfico como elemento inicial |
Periodisme |
| Subdivisión de materia general |
Història. |
| Fuente del encabezamiento o término |
lemac |
| 650 #0 - PUNTO DE ACCESO ADICIONAL DE MATERIA - TÉRMINO DE MATERIA |
| Término de materia o nombre geográfico como elemento inicial |
Periodistes |
| 9 (RLIN) |
3074 |
| Subdivisión de forma |
Biografia |
| 908 ## - CONTROL DE PARÁMETROS (RLIN) |
| Parametro de comando lanzado |
UAB |
| 940 ## - |
| T&íacute;tulo uniforme |
<a href="UAB">UAB</a> |
| 942 ## - ENTRADA DE ELEMENTOS AGREGADOS (KOHA) |
| Fuente de clasificaión o esquema |
|
| Koha [por defecto] tipo de item |
Monografies |